FC Bayern München Frauen Kader 22/23 - Statistiken

Allgemein
  • Dieses Quiz wurde 422 mal gespielt
    282 seit der letzten Aktualisierung
  • Das Durchschnittsergebnis liegt bei 14 aus 24
Antwortstatistiken
# Nation Position Anwort % Korrekt
7 Deutschland Abwehr Giulia Gwinn
90%
11 Deutschland Angriff Lea Schüller
87%
17 Deutschland Angriff Klara Bühl
86%
22 Deutschland Tor Maria Luisa Grohs
85%
12 Deutschland Mittelfeld Sydney Lohmann
84%
31 England Mittelfeld Georgia Stanway
83%
16 Deutschland Mittelfeld Lina Magull
80%
10 Deutschland Mittelfeld Linda Dallmann
80%
25 Österreich Mittelfeld Sarah Zadrazil
69%
Norwegen Trainer Alexander Strauß
65%
30 Deutschland Abwehr Carolin Simon
65%
6 Norwegen Abwehr Tuva Hansen
62%
3 Japan Mittelfeld Saki Kumagai
55%
4 Island Abwehr Glodis Peria Viggosdottir
54%
8 Deutschland Abwehr Maximiliane Rall
49%
13 Brasilien Abwehr Tainara
49%
9 Serbien Angriff Jovana Damnjanovic
48%
20 Deutschland Angriff Franziska Kett
46%
1 Deutschland Tor Laura Benkarth
46%
44 Island Tor Cecilia Ran Runarsdottir
35%
27 Frankreich Angriff Emelyne Laurent
30%
14 Norwegen Abwehr Emilie Bragstad
30%
23 Island Mittelfeld Karolina Lea Vilhjalmsdottir
27%
37 Kroatien Angriff Ivana Rudelic
26%
Keine übereinstimmenden Quizze gefunden
Verteilung der Resultate
Anzahl Personen mit jedem Resultat
Perzentil nach korrekt beantworteten Fragen
Ihre Resultats-Entwicklung
Sie haben dieses Quiz seit der letzten Aktualisierung nicht gespielt